Dr. Nada vs. miúdo esquisito (Record no. 2048)

MARC details
000 -Etiqueta do registo
Valores 00698nam a2200253 4500
010 ## - Número ISBN
ISBN 9789895774203
021 ## - Número do Depósito Legal
Código do país Portugal
Número 546263/25
100 ## - Dados gerais de processamento
Dados gerais 20260212d2025 a||y0pory50030103ba
101 0# - Língua de publicação
Língua Português
102 ## - País de publicação
País Portugal
200 ## - Titulo e menção de responsabilidade
Título próprio Dr. Nada vs. miúdo esquisito
Primeira menção de responsabilidade Zé Miguel, Ricardo Galvão
205 ## - Menção da edição
Edição 1ª edição
210 ## - Publicação
Local de publicação [S.l.]
Nome do editor Cultura
Data de publicação 2025
215 ## - Descrição física 
Paginação / Volumes 159, [1] p.
Outras indicações físicas il.
Dimensões 21 cm
300 ## - Notas gerais 
Texto da nota BMB-Registado
532 12 - Título desenvolvido
Título desenvolvido Doutor Nada vs. miúdo esquisito
606 ## - Nome comum usado como assunto
ID Autoridade 815
Palavra de ordem Literatura Juvenil
675 ## - CDU
Notação 087.5
Edição BMB
Língua por
700 ## - Autor principal (pessoa individual)
Apelido Pereira
Nome Miguel Cardoso
ID Autoridade 2937
701 ## - Co-autor principal (pessoa individual)
Apelido Galvão
Nome Ricardo
Datas 1974-
Função Ilustrador
ID Autoridade 2938
801 ## - Fonte de origem
País PT
Agência BMB
Regras de catalogação RPC
990 ## - Elementos KOHA
Tipo de documento Livro
Holdings
Situação do levantamento Estado Número Biblioteca de origem Código de barras Cota Permissão de empréstimo Tipo de documento Forma de aquisição
    1 Biblioteca Municipal de Borba 1998 087.5 MIG / NAD   Livro Compra
Biblioteca Municipal de Borba

Powered by Koha